[Event "Novokuznetsk School op"]
[Site "Novokuznetsk"]
[Date "2012.06.13"]
[Round "6"]
[White "Izmestiev, Ilija"]
[Black "Sozin, Stepan"]
[Result "0-1"]
[WhiteElo "2070"]
[BlackElo "2137"]
[PlyCount "90"]
[EventDate "2012.06.13"]
[EventType "swiss"]
[EventRounds "9"]
[EventCountry "RUS"]
[SourceTitle "EXT 2022"]
[Source "ChessBase"]
[SourceDate "2021.10.06"]
[SourceVersion "1"]
[SourceVersionDate "2021.10.06"]
[SourceQuality "1"]

1. e4 c5 2. c3 Nf6 3. e5 Nd5 4. d4 cxd4 5. Qxd4 e6 6. Nf3 Nc6 7. Qe4 f5 8. Qe2 Bc5 9. g3 0-0 10. Bf4 d6 11. Nbd2 dxe5 12. Nxe5 Nxf4 13. gxf4 Nxe5 14. fxe5 Qh4 15. Bg2 Rb8 16. b4 Bb6 17. Rd1 g5 18. c4 g4 19. c5 Bc7 20. Nc4 b6 21. c6 f4 22. Be4 f3 23. Qc2 Rf4 24. b5 Kh8 25. Nd6 Qh5 26. Nc4 a6 27. a4 axb5 28. axb5 Ra8 29. Rf1 Qxh2 30. Bd3 g3 31. fxg3 Qxc2 32. Bxc2 Rxc4 33. Bd3 Rc5 34. Rxf3 Kg7 35. Rd2 Rxe5+ 36. Kf2 Rd5 37. Ke3 Ra3 38. Ke4 Ra4+ 39. Ke3 Rad4 40. Ke2 e5 41. Re3 e4 42. Rxe4 Rxe4+ 43. Bxe4 Rxd2+ 44. Kxd2 Bxg3 45. Ke3 h5 0-1

[Event "Novokuznetsk op"]
[Site "Novokuznetsk"]
[Date "2011.08.14"]
[Round "4"]
[White "Pereboev, Konstantin Gennadie"]
[Black "Izmestiev, Ilija"]
[Result "1-0"]
[WhiteElo "2248"]
[BlackElo "2098"]
[PlyCount "63"]
[EventDate "2011.08.11"]
[EventType "swiss"]
[EventRounds "9"]
[EventCountry "RUS"]
[SourceTitle "CBM 144 Extra"]
[Source "ChessBase"]
[SourceDate "2011.10.28"]
[SourceVersion "1"]
[SourceVersionDate "2011.10.28"]
[SourceQuality "1"]

1. c4 e5 2. Nc3 Bb4 3. Nf3 Bxc3 4. bxc3 d6 5. d4 Nd7 6. g3 Ngf6 7. Bg2 0-0 8. 0-0 Re8 9. a4 Qe7 10. e3 Nb6 11. c5 e4 12. Nd2 dxc5 13. Ba3 Nbd7 14. a5 Qe6 15. Re1 Qf5 16. Qc2 Qg6 17. dxc5 Nb8 18. Reb1 Nc6 19. a6 bxa6 20. Qa4 Bd7 21. Qxa6 h5 22. c4 Rad8 23. Bb2 Nb4 24. Qxa7 Nd3 25. Qxc7 Rc8 26. Qa7 Nxc5 27. Bd4 Qf5 28. Ra5 Ng4 29. Rf1 Ra8 30. Rxc5 Qe6 31. Qb7 Nf6 32. Re5 1-0

[Event "Novokuznetsk School op"]
[Site "Novokuznetsk"]
[Date "2011.06.15"]
[Round "8"]
[White "Chernov, Mikhail"]
[Black "Izmestiev, Ilija"]
[Result "1/2-1/2"]
[WhiteElo "2141"]
[BlackElo "2098"]
[PlyCount "37"]
[EventDate "2011.06.15"]
[EventType "swiss"]
[EventRounds "9"]
[EventCountry "RUS"]
[SourceTitle "EXT 2022"]
[Source "ChessBase"]
[SourceDate "2021.10.06"]
[SourceVersion "1"]
[SourceVersionDate "2021.10.06"]
[SourceQuality "1"]

1. e4 c5 2. Nf3 Nc6 3. d4 cxd4 4. Nxd4 Nf6 5. Nc3 e5 6. Ndb5 d6 7. Bg5 a6 8. Na3 Be6 9. Nc4 Rc8 10. Bxf6 Qxf6 11. Nb6 Rb8 12. Nbd5 Qd8 13. Bd3 Be7 14. Ne3 0-0 15. Ncd5 Bg5 16. h4 Bxe3 17. Nxe3 Rc8 18. h5 Qb6 19. 0-0 1/2-1/2

[Event "Novokuznetsk-ch HL"]
[Site "Novokuznetsk"]
[Date "2011.04.??"]
[Round "3"]
[White "Izmestiev, Ilija"]
[Black "Chernov, Mikhail"]
[Result "1/2-1/2"]
[WhiteElo "2098"]
[BlackElo "2141"]
[PlyCount "67"]
[EventDate "2011.04.29"]
[EventType "swiss"]
[EventRounds "8"]
[EventCountry "RUS"]
[SourceTitle "EXT 2013"]
[Source "ChessBase"]
[SourceDate "2012.11.22"]
[SourceVersion "1"]
[SourceVersionDate "2012.11.22"]
[SourceQuality "1"]

1. e4 e5 2. Nf3 Nc6 3. Bb5 f5 4. d4 fxe4 5. Nxe5 Qf6 6. Nc3 Bb4 7. f4 d5 8. 0-0 Nge7 9. Ne2 0-0 10. c4 Nxe5 11. dxe5 Qb6+ 12. Kh1 Bg4 13. Qc2 Nf5 14. Bd7 Nd4 15. Nxd4 Bxd7 16. Nb3 c6 17. c5 Qb5 18. Be3 Bg4 19. a3 Ba5 20. h3 Be2 21. Nd4 Bd3 22. Qc1 Qc4 23. Rf2 Qxc1+ 24. Rxc1 g6 25. Kh2 Rae8 26. g4 g5 27. e6 gxf4 28. Bxf4 Rxf4 29. Rxf4 Bd2 30. Rcf1 e3 31. e7 Rxe7 32. Rf8+ Kg7 33. R1f6 e2 34. Ne6+ 1/2-1/2

[Event "Novokuznetsk-ch op"]
[Site "Novokuznetsk"]
[Date "2010.12.11"]
[Round "9"]
[White "Izmestiev, Ilija"]
[Black "Shukan, Alexander"]
[Result "0-1"]
[WhiteElo "2081"]
[BlackElo "2165"]
[PlyCount "96"]
[EventDate "2010.11.14"]
[EventType "swiss"]
[EventRounds "9"]
[EventCountry "RUS"]
[SourceTitle "EXT 2022"]
[Source "ChessBase"]
[SourceDate "2021.10.06"]
[SourceVersion "1"]
[SourceVersionDate "2021.10.06"]
[SourceQuality "1"]

1. e4 d5 2. Nc3 d4 3. Nce2 c5 4. f4 Nc6 5. Nf3 Bg4 6. Ng3 e5 7. fxe5 Nxe5 8. Bb5+ Nd7 9. 0-0 Qc7 10. c3 dxc3 11. bxc3 0-0-0 12. d4 Nb6 13. Be2 Bxf3 14. Rxf3 cxd4 15. cxd4 Rxd4 16. Qf1 Bc5 17. Kh1 Nf6 18. Bf4 Qe7 19. Rc1 Nbd7 20. Nf5 Qxe4 21. Nd6+ Rxd6 22. Bxd6 b6 23. Ba6+ Kd8 24. Bg3 h5 25. Rd1 h4 26. Bd6 h3 27. Bxc5 hxg2+ 28. Qxg2 bxc5 29. Rxf6 Qxg2+ 30. Kxg2 gxf6 31. Bb5 Kc7 32. Rxd7+ Kb6 33. Bc4 Rh4 34. Bxf7 c4 35. Rd6+ Kc5 36. Ra6 c3 37. Kg3 c2 38. Rxa7 Kb6 39. Rd7 c1Q 40. Kxh4 Qg5+ 41. Kh3 Qf5+ 42. Kg3 Qxd7 43. Bb3 Qg7+ 44. Kf3 Qh6 45. Kg2 Qg5+ 46. Kh3 f5 47. Bd1 Qe3+ 48. Kh4 Qe1+ 0-1

[Event "Novokuznetsk-ch op"]
[Site "Novokuznetsk"]
[Date "2010.11.20"]
[Round "2"]
[White "Izmestiev, Ilija"]
[Black "Alimov, Alexander"]
[Result "1-0"]
[WhiteElo "2081"]
[BlackElo "1997"]
[PlyCount "87"]
[EventDate "2010.11.14"]
[EventType "swiss"]
[EventRounds "9"]
[EventCountry "RUS"]
[SourceTitle "EXT 2022"]
[Source "ChessBase"]
[SourceDate "2021.10.06"]
[SourceVersion "1"]
[SourceVersionDate "2021.10.06"]
[SourceQuality "1"]

1. e4 c5 2. c3 d6 3. d4 Nf6 4. Bd3 Nc6 5. Ne2 Bd7 6. 0-0 e6 7. Kh1 cxd4 8. cxd4 Nb4 9. Bg5 Nxd3 10. Qxd3 Be7 11. Nbc3 0-0 12. f4 h6 13. Bh4 Ne8 14. Bf2 Nf6 15. Rad1 d5 16. e5 Ne4 17. Nxe4 dxe4 18. Qxe4 Bc6 19. Qb1 Qd5 20. Rg1 Qa5 21. Be1 Qb6 22. Bc3 Bd5 23. Ng3 f5 24. Rd2 g6 25. Nf1 Rac8 26. Ne3 Be4 27. Qd1 g5 28. Qf1 Qc6 29. Qf2 gxf4 30. Qxf4 Bg5 31. Qf2 Bxe3 32. Qxe3 Kh7 33. Rf1 Rg8 34. Rff2 Qd5 35. a3 Rg6 36. Kg1 Rcg8 37. g3 h5 38. Rf4 Rg4 39. Rdf2 h4 40. Rxg4 Rxg4 41. Rf4 h3 42. Rxg4 fxg4 43. Bd2 Bd3 44. Qxd3+ 1-0

[Event "Novokuznetsk op"]
[Site "Novokuznetsk"]
[Date "2010.01.10"]
[Round "10"]
[White "Nigametzianov, Mikhail"]
[Black "Izmestiev, Ilija"]
[Result "1-0"]
[WhiteElo "2396"]
[BlackElo "2095"]
[PlyCount "83"]
[EventDate "2010.01.02"]
[EventType "swiss"]
[EventRounds "10"]
[EventCountry "RUS"]
[SourceTitle "CBM 134 Extra"]
[Source "ChessBase"]
[SourceDate "2010.03.03"]
[SourceVersion "1"]
[SourceVersionDate "2010.03.03"]
[SourceQuality "1"]

1. c4 e5 2. Nc3 Bb4 3. g3 Bxc3 4. bxc3 Nf6 5. Bg2 0-0 6. d3 d6 7. e4 c5 8. Nf3 h6 9. 0-0 Be6 10. h3 Nbd7 11. Nh4 Re8 12. Qe1 Rb8 13. f4 Nf8 14. Qf2 b5 15. cxb5 Rxb5 16. c4 Rb6 17. Nf3 Qc8 18. f5 Bd7 19. g4 Qa6 20. Qg3 N8h7 21. h4 h5 22. g5 Ng4 23. Nh2 Nxh2 24. Kxh2 g6 25. Rf2 Reb8 26. Qf3 Rf8 27. Bh3 Qc8 28. Be3 Rb7 29. Rg1 Qb8 30. Qe2 a5 31. Bg2 Rb6 32. Bf3 gxf5 33. exf5 Bxf5 34. Bxh5 Bg6 35. Bf3 d5 36. Bxd5 e4+ 37. Rg3 exd3 38. Qf3 Rb2 39. h5 Kh8 40. Bxc5 Qe5 41. hxg6 Rxf2+ 42. Qxf2 1-0

[Event "Novokuznetsk-ch op"]
[Site "Novokuznetsk"]
[Date "2009.12.13"]
[Round "9"]
[White "Strakhov, Andrey"]
[Black "Izmestiev, Ilija"]
[Result "0-1"]
[WhiteElo "1974"]
[BlackElo "2064"]
[PlyCount "94"]
[EventDate "2009.11.21"]
[EventType "swiss"]
[EventRounds "9"]
[EventCountry "RUS"]
[SourceTitle "EXT 2011"]
[Source "ChessBase"]
[SourceDate "2010.11.26"]
[SourceVersion "1"]
[SourceVersionDate "2010.11.26"]
[SourceQuality "1"]

1. d4 Nf6 2. Nd2 d5 3. e3 Bf5 4. c4 e6 5. b3 Na6 6. a3 Be7 7. Ngf3 0-0 8. Be2 c5 9. 0-0 Rc8 10. Bb2 Nc7 11. dxc5 Bxc5 12. b4 Be7 13. c5 Nd7 14. Rc1 Bf6 15. Bxf6 Qxf6 16. Nd4 Bg6 17. Qa4 e5 18. N4f3 Rfd8 19. Qxa7 Qc6 20. b5 Nxb5 21. Qa5 Nc7 22. Qc3 f6 23. Nh4 Ne6 24. Nxg6 hxg6 25. Nb3 b6 26. Qc2 Qa4 27. Qxg6 Qxb3 28. Bh5 Ndf8 29. Qf7+ Kh8 30. Bg4 Rc7 31. Qh5+ Kg8 32. Rb1 Qxa3 33. cxb6 Rb7 34. Kh1 Qd6 35. f4 exf4 36. Rf3 Ng5 37. Rxf4 Rxb6 38. Rbf1 Qe5 39. Bf5 Qxe3 40. Rh4 Nf7 41. Bh7+ Nxh7 42. Qxh7+ Kf8 43. Qg6 Qg5 44. Rh8+ Ke7 45. Re1+ Re6 46. Qb1 Rxe1+ 47. Qxe1+ Qe5 0-1

[Event "Abaza op"]
[Site "Abaza"]
[Date "2009.07.18"]
[Round "2"]
[White "Vorobyova, Alyona"]
[Black "Izmestiev, Ilija"]
[Result "0-1"]
[WhiteElo "1918"]
[BlackElo "2064"]
[PlyCount "46"]
[EventDate "2009.07.17"]
[EventType "swiss"]
[EventRounds "9"]
[EventCountry "RUS"]
[SourceTitle "EXT 2012"]
[Source "ChessBase"]
[SourceDate "2011.11.24"]
[SourceVersion "1"]
[SourceVersionDate "2011.11.24"]
[SourceQuality "1"]

1. e4 Nf6 2. Nc3 d5 3. exd5 Nxd5 4. Nxd5 Qxd5 5. d3 g6 6. Nf3 Bg7 7. Be2 Nc6 8. 0-0 0-0 9. c3 Rd8 10. Qa4 Bf5 11. d4 Qe4 12. Bc4 Bh3 13. Bxf7+ Kh8 14. Ne1 Rf8 15. Bb3 Bd7 16. d5 Nd4 17. Qxd7 Rxf2 18. Kxf2 Rf8+ 19. Kg3 Rxf1 20. cxd4 Qxe1+ 21. Kh3 Rf5 22. g4 Rf3+ 23. Kg2 Qf1# 0-1

[Event "Novokuznetsk op"]
[Site "Novokuznetsk"]
[Date "2008.12.13"]
[Round "8"]
[White "Korobeynikov, Alexandr"]
[Black "Izmestiev, Ilija"]
[Result "0-1"]
[WhiteElo "1873"]
[BlackElo "2049"]
[PlyCount "106"]
[EventDate "2008.11.22"]
[EventType "swiss"]
[EventRounds "9"]
[EventCountry "RUS"]
[SourceTitle "CBM 127 Extra"]
[Source "ChessBase"]
[SourceDate "2009.01.08"]
[SourceVersion "2"]
[SourceVersionDate "2009.01.28"]
[SourceQuality "1"]

1. e4 c5 2. Nf3 Nc6 3. Nc3 e6 4. Bc4 a6 5. a3 Nge7 6. d4 d5 7. exd5 exd5 8. Be2 c4 9. Bg5 h6 10. Bh4 Qb6 11. Bxe7 Nxe7 12. Rb1 Bf5 13. 0-0 g5 14. Re1 0-0-0 15. Ne5 Rh7 16. Bg4 h5 17. Na4 Qa5 18. Bxf5+ Nxf5 19. c3 Nh6 20. b4 Qc7 21. Nc5 Bd6 22. g3 h4 23. Kg2 hxg3 24. fxg3 Rdh8 25. Rb2 Kb8 26. Ncd7+ Ka8 27. Nf6 Rg7 28. Qh5 Qd8 29. Qf3 Be7 30. Ned7 Rg6 31. Rf2 Ng4 32. Nxg4 Qxd7 33. Re5 Rd6 34. Qe2 Bd8 35. Qf3 f6 36. Rf5 Qh7 37. Kg1 Re8 38. Ne3 Rde6 39. Nxd5 Re1+ 40. Kg2 Rh8 41. h4 gxh4 42. Nxf6 Qg6 43. Qg4 Qf7 44. Nh5 Qe6 45. d5 Qe3 46. R5f3 Qc1 47. Rf1 Bb6 48. gxh4 Re2+ 49. R3f2 Rxf2+ 50. Rxf2 Bxf2 51. Kxf2 Rf8+ 52. Ke2 Qc2+ 53. Ke1 Qxc3+ 0-1

[Event "Novokuznetsk op"]
[Site "Novokuznetsk"]
[Date "2008.12.06"]
[Round "6"]
[White "Temnikov, Anatoly"]
[Black "Izmestiev, Ilija"]
[Result "1-0"]
[WhiteElo "2228"]
[BlackElo "2049"]
[PlyCount "67"]
[EventDate "2008.11.22"]
[EventType "swiss"]
[EventRounds "9"]
[EventCountry "RUS"]
[SourceTitle "CBM 127 Extra"]
[Source "ChessBase"]
[SourceDate "2009.01.08"]
[SourceVersion "2"]
[SourceVersionDate "2009.01.28"]
[SourceQuality "1"]

1. d4 Nf6 2. e3 e6 3. Bd3 c5 4. f4 Nc6 5. c3 d5 6. Nd2 Be7 7. Qe2 Qc7 8. Nh3 Bd7 9. 0-0 h6 10. Nf3 g5 11. Ne5 g4 12. Nf2 h5 13. Bd2 a6 14. Rfc1 Qb6 15. b3 Rg8 16. g3 h4 17. Kg2 Nxe5 18. fxe5 Ne4 19. Nxe4 dxe4 20. Bxe4 0-0-0 21. Rf1 Rg7 22. Rac1 Kb8 23. Rf4 hxg3 24. hxg3 Rdg8 25. Rcf1 Be8 26. Qd3 Bg5 27. Rxg4 Qd8 28. Rh1 f5 29. exf6 Qxf6 30. dxc5 Ka7 31. Qd6 Rd7 32. Qb6+ Kb8 33. Be1 Bxe3 34. Rxg8 1-0

[Event "Novokuznetsk op"]
[Site "Novokuznetsk"]
[Date "2008.11.30"]
[Round "5"]
[White "Rastvortsev, Yury"]
[Black "Izmestiev, Ilija"]
[Result "0-1"]
[WhiteElo "1947"]
[BlackElo "2049"]
[PlyCount "76"]
[EventDate "2008.11.22"]
[EventType "swiss"]
[EventRounds "9"]
[EventCountry "RUS"]
[SourceTitle "CBM 127 Extra"]
[Source "ChessBase"]
[SourceDate "2009.01.08"]
[SourceVersion "2"]
[SourceVersionDate "2009.01.28"]
[SourceQuality "1"]

1. f4 e5 2. fxe5 d6 3. Nf3 dxe5 4. e4 Bg4 5. Bc4 Nh6 6. d3 Nc6 7. 0-0 Bc5+ 8. Kh1 Qd7 9. c3 0-0-0 10. b4 Nxb4 11. d4 Nc6 12. d5 Ne7 13. Ba3 Qd6 14. Qa4 f6 15. Bxc5 Qxc5 16. Nbd2 Bd7 17. Qb3 Ng4 18. Rab1 b6 19. Ba6+ Kb8 20. h3 h5 21. a4 Nc8 22. a5 Qxa5 23. Ra1 Qc5 24. Qa2 Bb5 25. Nb3 Qc4 26. Bxc8 Kxc8 27. Nfd2 Qd3 28. Qxa7 Qg3 29. Nf3 Bxf1 30. Qa8+ Kd7 31. Qc6+ Ke7 32. Rxf1 Nf2+ 33. Rxf2 Qxf2 34. Qxc7+ Rd7 35. d6+ Ke6 36. Nbd4+ exd4 37. Qc4+ Kxd6 38. Nxd4 Qe1+ 0-1